zpět

Detail výsledku týmu

Hasičárna Novesta, Zlín

Datum a čas kvízu

38.5 Celkem bodů Celkový počet nahraných bodů na tomto kvízu bez doplňovacích otázek.
3. Pořadí na kvízu Konečné umístění týmu na tomto kvízu.

Zaznamenané odpovědi

# Otázka Odpověď Body Výsledky
1. Jedna kavárna na Šumavě zařadi... o smažený sýr 1
2. Kterým dvěma politikům praskla... Andrej Babiš, Emmanuel Macron 0
3. „Mí rodiče celý můj život kont... Beckhamových 0
4. Nápojářská skupina Kofola zaví... Nobilis Tilia 1
5. Ve kterém sportu povede nově č... A 1
6. Jak se jmenuje italský horolez... Reinhold Messner 1
7. Jak se trojslovně jmenuje disc... lezení na obtížnost 1
8. Jak se jedním slovem nazývá ho... mačky 1
9. Za půl bodu napište jméno ikon... Matterhorn, Švýcarsko a Itálie 0.5
10. Jak se jmenuje fenomenální slo... B) Janja Garnbret 1